Szczegóły MARC21

Wer war Edgar Allan? ; Von Hier nach Dort ; Das schnelle Glück : Drei Romane /

003 -Nazwa inst., której nr kontr. jest w polu 001 [,]
    • @
    • Nazwa instytucji, której n kontrolny jest w polu 001
    • NUKAT
005 -DATA I CZAS OSTATNIEJ MODYFIKACJI [,]
    • @
    • pole kontrolne
    • 20241231100341.0
020 -Międzynarod. znormalizowany nr książki - ISBN [ , ]
    • a
    • Numer ISBN
    • 3608957979 Find
040 -Instytucja sporządzająca opis [ , ]
    • a
    • Instytucja, która sporządziła opis (NP)
    • POZN U/JG
    • c
    • Instytucja, która sporządziła rekord (NP)
    • POZN U/JG
    • d
    • Instytucja, która zmodyfikowała rekord (P)
    • POZN U/AgS
    • d
    • Instytucja, która zmodyfikowała rekord (P)
    • POZN U/KNs
    • d
    • Instytucja, która zmodyfikowała rekord (P)
    • KAT U/46MMs
942 -Rodzaj dokumentu [ , ]
    • c
    • Rodzaj dokumentu
    • Książka
100 -Hasło główne - nazwa osobowa [1, ]
    • a
    • Nazwa osobowa (NP)
    • Rosei, Peter
    • d
    • Daty biograficzne (NP)
    • (1946- ).
    • 9
    • KHW
    • 250687
240 -Tytuł ujednolicony [1,0]
    • a
    • Tytuł ujednolicony
    • Wer war Edgar Allan?
    • l
    • Język tekstu
    • (niem.)
    • 9
    • KHW
    • 635336
245 -Strefa tytułu i oznaczenia odpowiedzialności [1,0]
    • a
    • Tytuł
    • Wer war Edgar Allan? ; Find
    • b
    • Ciąg dalszy tytułu (NP)
    • Von Hier nach Dort ; Das schnelle Glück : Drei Romane / Find
    • c
    • Pozostałe elementy strefy tytułu i oznaczenia odpowiedzialności (NP)
    • Peter Rosei.
260 -Strefa adresu wydawniczego [ , ]
    • a
    • Miejsce wydania (P)
    • Stuttgart :
    • b
    • Nazwa wydawcy (P)
    • Klett-Cotta,
    • c
    • Data wydania (P)
    • 1992.
300 -Strefa opisu fizycznego [ , ]
    • a
    • Określenie formy książki i/lub objętość (NP)
    • 252, [3] s. ;
    • c
    • Format (NP)
    • 22 cm.
336 -Typ zawartości [ , ]
    • a
    • Termin opisujący typ zawartości
    • Tekst
    • b
    • Kod określający zawartość
    • txt
    • 2
    • Źródło (terminu i kodu)
    • rdacontent
337 -Typ mediów [ , ]
    • a
    • Tryb odtwarzania
    • Bez urządzenia pośredniczącego
    • b
    • Kod typu mediów
    • n
    • 2
    • Źródło (terminu i kodu)
    • rdamedia
338 -Typ/rodzaj nośnika [ , ]
    • a
    • Hasło opisujące typ nośnika
    • Wolumin
    • b
    • Kod typu nośnika
    • nc
    • 2
    • Źródło (terminu i kodu)
    • rdacarrier
080 -Uniwersalna Klasyfikacja Dziesiętna [ , ]
    • a
    • Symbol klasyfikacji
    • 830(436)-31=30
655 -Hasło w funkcji tematu formalnego [ ,7]
    • a
    • Hasło
    • Powieść austriacka
    • y
    • Określnik chronologiczny
    • 1970-2000.
    • 2
    • Źródło terminu
    • kaba
    • 9
    • KHW
    • 363781
980 -Symbol UKD [ , ]
    • a
    • UKD
    • 830(436)-31=30
700 -Hasło dodatkowe - nazwa osobowa [1,2]
    • a
    • Nazwa osobowa (NP)
    • Rosei, Peter Find
    • d
    • Daty biograficzne (NP)
    • (1946- ).
    • t
    • Tytuł ujednolicony/tytuł (NP)
    • Von Hier nach Dort Find
    • l
    • Język tekstu (NP)
    • (niem.)
    • 9
    • KHW
    • 635334
700 -Hasło dodatkowe - nazwa osobowa [1,2]
    • a
    • Nazwa osobowa (NP)
    • Rosei, Peter Find
    • d
    • Daty biograficzne (NP)
    • (1946- ).
    • t
    • Tytuł ujednolicony/tytuł (NP)
    • Schnelles Glück Find
    • l
    • Język tekstu (NP)
    • (niem.)
    • 9
    • KHW
    • 635333
710 -Hasło dodatkowe - nazwa ciała zbiorowego [2, ]
    • a
    • Nazwa ciała zbiorowego lub nazwa geograficzna jako pierwszy element (NP)
    • Verlagsgemeinschaft Ernst Klett-J. G. Cotta'sche Buchhandlung Nachfolger.
    • 4
    • Kod relacji
    • pbl
    • 9
    • KHW
    • 86801
920 -ISBN [ , ]
    • a
    • ISBN
    • 3-608-95797-9 Find
Sygnatura Status udost. Numer inwentarzowy Data inwentaryzacji Lokalizacja
Germ. Literatura austriacka-3G.137241998-09-04BM